| 000 -LEADER |
| fixed length control field |
01277nam a22001937a 4500 |
| 005 - DATE AND TIME OF LATEST TRANSACTION |
| control field |
20210623133244.0 |
| 008 - FIXED-LENGTH DATA ELEMENTS--GENERAL INFORMATION |
| fixed length control field |
210623c2021 ge ||||| |||| 00| 0 geo d |
| 022 ## - INTERNATIONAL STANDARD SERIAL NUMBER |
| International Standard Serial Number |
1512-374X |
| 041 ## - LANGUAGE CODE |
| Language code of text/sound track or separate title |
geo |
| 245 ## - TITLE STATEMENT |
| Title |
ხელისუფლება და საზოგადოება = Authoriti and society = Bласть и общество : |
| Remainder of title |
სამეცნიერო ჟურნალი : ისტორია, თეორია, პრაქტიკა : ღია დიპლომატიის ასოციაციის სამეცნიერო ჟურნალი / |
| Statement of responsibility, etc. |
საქართველოს ტექნიკური უნივერსიტეტის სახელმწიფო მართვის კათედრა ; რედაქტორი შოთა დოღონაძე. |
| 260 ## - PUBLICATION, DISTRIBUTION, ETC. |
| Place of publication, distribution, etc. |
თბილისი, |
| Date of publication, distribution, etc. |
2021. |
| 300 ## - PHYSICAL DESCRIPTION |
| Extent |
V. |
| 521 ## - TARGET AUDIENCE NOTE |
| Target audience note |
ტექსტი ქართულ, რუსულ და ინგლისურ ენებზე. |
| 653 ## - INDEX TERM--UNCONTROLLED |
| Uncontrolled term |
პოლიტიკა |
| 653 ## - INDEX TERM--UNCONTROLLED |
| Uncontrolled term |
ეკონომიკა |
| 653 ## - INDEX TERM--UNCONTROLLED |
| Uncontrolled term |
საზიგადოება |
| 700 ## - ADDED ENTRY--PERSONAL NAME |
| Personal name |
დოღონაძე, შოთა |
| Relator term |
რედაქტორი. |
| 9 (RLIN) |
4915 |
| 942 ## - ADDED ENTRY ELEMENTS (KOHA) |
| Source of classification or shelving scheme |
|
| Koha item type |
პერიოდიკა |